| 000 | 00755nam a22002657a 4500 | ||
|---|---|---|---|
| 999 |
_c19309 _d19309 |
||
| 001 | 15079769 | ||
| 003 | OSt | ||
| 005 | 20201106092854.0 | ||
| 008 | 161006b xxu||||| |||| 00| 0 eng d | ||
| 010 | _a 2007585746 | ||
| 016 | _a900119071 | ||
| 020 |
_a0373030924 : _c$2.50 |
||
| 020 | _a9780373030927 | ||
| 040 |
_aMMU _beng _cMMU _dMMU _eMMU |
||
| 050 | 0 | 0 | _aPS3567 .D365 1998 |
| 100 | 1 | _aDaniels, Val. | |
| 245 | 1 | 0 |
_aMarriage on his terms _cVal Daniels. |
| 250 | _aHarlequin romance 1st ed. | ||
| 260 |
_aToronto ; _aNew York : _bHarlequin Books, _c1990. |
||
| 300 |
_a188 p. : _c18 cm. |
||
| 655 | 7 |
_aLove stories. _2gsafd |
|
| 655 | 7 |
_aChristmas stories. _2lcsh |
|
| 906 |
_a7 _bcbc _ccopycat _d2 _encip _f20 _gy-genrareb |
||
| 942 |
_2lcc _cLOAN LOAN |
||